Nakažlivé choroby

Bibliographic Details
Main Author: Štúrová-Kuklová, Božena, 1893-1977 (Author)
Format: Book
Language:Czech
PhysicalDescription:59, [5] s. 8°
Published: Praha Jednota československých matematiků a fysiků 1931
Series:Sbírka přednášek a rozprav. Řada 3, Extense University Komenského v Bratislavě
Subjects:

MARC

LEADER 00000cam a2200000 a 4500
001 vtls008381290
003 SK-MaSNL
005 20260301165019.0
008 200104s1931 xr cze
015 |a SNBA19191938-001020 
035 |a SK01SNKBIKKM20010073507 
035 |a urn:nbn:sk:snk-am3hjpn 
035 |a AF69FF1F-DB64-4D82-93C5-9A46BB1E760D 
035 |a urn:nbn:sk:snk-am00d2rj 
035 |a SKM000075970 
040 |a SNK  |b slo  |c SNK  |e AACR2 
041 1 |a cze 
044 |a xr 
080 |a 611  |2 1981 
100 1 |a Štúrová-Kuklová, Božena,  |d 1893-1977  |4 aut  |9 199688 
245 1 0 |a Nakažlivé choroby  |c Božena Kuklová-Štúrová (Kuklová, Božena) 
260 |a Praha  |b Jednota československých matematiků a fysiků  |c 1931  |e Praha  |f Jednota čsl. matematiků a fysiků 
300 |a 59, [5] s.  |c 8° 
490 1 |a Sbírka přednášek a rozprav. Řada 3, Extense University Komenského v Bratislavě  |v 3. 
504 |a Zoznam edície 
505 0 |a Úvod 
650 0 7 |a infekčné choroby  |2 SNKPH  |9 859 
655 7 |a prednášky  |2 SNKPH  |9 70554 
830 0 |a Sbírka přednášek a rozprav. Řada 3, Extense University Komenského v Bratislavě  |9 399578 
958 |a RK 
958 |a TL 
999 |c 822656  |d 824586 
952 |a SNK  |b SNK  |y VYP  |7 0  |p 17A1541627  |o snkSC 2068/3 D1  |i snkD 253/64  |8 1  |0 0  |1 0  |4 0  |d 2024-01-26  |l 0  |r 2026-02-24 03:11:41  |w 2026-02-24 
952 |a SNK  |b SNK  |y PREZ  |7 0  |p 17A0743362  |o snkSC 2068/3  |i snk591/38  |0 0  |1 0  |4 0  |d 2018-05-21  |f 1  |l 0  |r 2025-06-11 00:00:00  |w 2026-02-24